| 000 | 01331cab a2200241 4500 | ||
|---|---|---|---|
| 001 | ABS68663 | ||
| 008 | 050113n2004 000 0 eng u | ||
| 035 | _a(Sirsi) u128520 | ||
| 100 | _aWalker, B. | ||
| 245 | _aScottish planning | ||
| 260 | _c2004 | ||
| 490 |
_aHouse Builder _v63(11) December 2004, 33-35(2) |
||
| 520 | _aCovers in two articles aspects of Scottish planning and land use planning. In "Scots free" Bruce Walker suggests that the Scottish house building market has its own set of planning and land use challenges (some different to those in England, some similar) and argues for devising a Scottish form of planning reform. In "Lie of the land" Jim Ross reviews the findings of the Policy Institute paper "The planning famine - reforming land use planning in Scotland", which argues that major changes in the Scottish land use planning must be made to help meet current consumer needs. The paper can be viewed at www.policyinstitute.info/. | ||
| 590 | _aABS | ||
| 650 | _aSCOTLAND | ||
| 650 |
_aLand use _96251 |
||
| 650 | _aHOUSE BUILDING | ||
| 650 | _aREFORMS | ||
| 690 | _aENVIRONMENTAL AND LAND CONSULTANCY-PLANNING AND DEVELOPMENT | ||
| 700 | _aRoss, J. | ||
| 856 |
_uhttps://www.policyinstitute.info/ResPub.php _zView the"Planning famine" paper on the Policy Institute website... |
||
| 942 | _n0 | ||
| 999 |
_c74716 _d74716 |
||